00245nam a2200109Ia 4500008004100000041000800041082001600049100001700065245001700082260002900099365000700128230303s9999 xx 000 0 und d aeng a005.133 PEW aPEW (JOHN A) aInstant Java aNew DelhibPRENTICE HALL cRS